| 000 | 00539nam a2200181Ia 4500 | ||
|---|---|---|---|
| 008 | 220216s9999 xx 000 0 und d | ||
| 100 | _aKromminga T | ||
| 245 | 0 | _aPreblends of powder chemicals as alternative for achieving best dispersibility in rubber compounds | |
| 260 |
_bKautschuk Gummi Kunststoffe _c2005 |
||
| 300 | _a173-178 | ||
| 650 | _aBatch-ready | ||
| 650 | _aBulk weighing | ||
| 650 | _aHomogeneity | ||
| 650 | _aMelting point depression | ||
| 650 | _aMulti-ingredient-preweights | ||
| 650 | _aSavings | ||
| 942 | _cJS | ||
| 999 |
_c65449 _d65449 |
||